Statistics for Most Dominant US Presidential Elections

Click here to take the quiz!

General Stats

  • This quiz has been taken 179 times
  • The average score is 11 of 13

Answer Stats

% of vote won# of votes wonPresident% Correct
10069George Washington (1789)
99%
100132George Washington (1792)
99%
98.49523Franklin D. Roosevelt (1936)
92%
97.58525Ronald Reagan (1984)
92%
90.89489Ronald Reagan (1980)
92%
88.89472Franklin D. Roosevelt (1932)
92%
96.65520Richard Nixon (1972)
88%
92.05162Thomas Jefferson (1804)
86%
90.99212Abraham Lincoln (1864)
84%
86.06457Dwight D. Eisenhower (1956)
83%
90.33486Lyndon B. Johnson (1964)
78%
99.57231James Monroe (1820)
71%
85.81254Franklin Pierce (1852)
37%

Score Distribution

Percentile by Number Answered

Percent of People with Each Score

Your Score History

You have not taken this quiz